00512nam a2200193 a 4500001001300000003000900013005001700022008004100039020001000080082001600090100002600106245004500132260005000177300000900227500003500236505001000271650001100281700002600292nice12345678IN_TiNIC20260116011254.0050524s1922 cama grp 000 0 eng  ac10000a297.4bNIC3 aNicholson, Reyhnold A aTranslations of Eastern Poetry and Prose aCambridge bCambridge University Press c1922 a200p aincludes index and biblioraphy2 aIndex aSufism1 aNicholson, Reyhnold A